Le bon prénom 7 (click quiz) - Statistiques

Statistiques générales
  • Ce quiz a été pris 75 fois
  • Le résultat moyen est 5 sur 8
Statistiques - réponses
Hint Réponse % Correct
Dion Féline
94%
Chazal Glaire
89%
Combal Famille
82%
Le Marchand Narine
71%
Touzet Copine
50%
Fabre Venise
47%
Rousseau Scarole
36%
Bois Sicile
36%
Aucun quiz correspondant
Distribution des résultats
% des personnes avec chaque résultat
Percentile par nombre de réponses
Votre historique - résultats
Vous n’avez pas pris ce quiz